000 00300nam a22001337a 4500
008 210302b ||||| |||| 00| 0 eng d
020 _a0226874605
041 _aeng
080 _22nd
_a82
100 _a21
101 _aGJL
245 _aPerspectives in Linguistics
_cWaterman,T.J
942 _2udc
_cBK
999 _c55533
_d55533